000 00388nam a2200157Ia 4500
008 221030s9999 xx 000 0 und d
020 _a0070589461
041 _aEnglish
082 _a105.23
_bTit
100 _aEd. Tittel
245 0 _aSchaum`s Outline of Theory & Problems of XML
_cby Ed. Tittel
260 _bTMH
_aNew Delhi
_c2006
300 _a200
650 _aComputers
942 _cBK
999 _c852
_d852